| 000 | 01032nam a22003017a 4500 | ||
|---|---|---|---|
| 005 | 20251215165843.0 | ||
| 008 | 251215t2023 sp ||||| |||| 00| 0 spa d | ||
| 020 | _a978-84-1106-024-0 | ||
| 040 | _aIste | ||
| 041 | _aspa | ||
| 044 | _asp | ||
| 082 |
_a159.9:612.7 _bSa361 |
||
| 100 |
_aSalom Martorell, Miquel _cAutor _eAutor _98576 |
||
| 245 |
_aPsicología del deporte: _buna aproximación práctica desde la evidencia cientifica |
||
| 250 | _a1a. ed. | ||
| 260 |
_aMadrid - España _bMédica Panamericana _c2023 |
||
| 300 |
_a265 páginas, _bgráficos, ilustraciones, tablas. |
||
| 650 |
_aPSICOLOGIA DEL DEPORTE _98577 |
||
| 650 |
_aGESTIÓN DE LAS EMOCIONES _98578 |
||
| 650 |
_aLA AUTOCONFIANZA _98579 |
||
| 650 |
_aLEYES DEL APRENDISAJE _98580 |
||
| 650 |
_aENTRENAMIENTO EN IMAGINACIÓN _98581 |
||
| 653 | _aTECNOLOGÍA Y CIENCIAS MÉDICAS | ||
| 653 | _aPSICOLOGÍA | ||
| 700 |
_aLeguizamo Barroso, Federico _eAutor _98582 |
||
| 700 |
_aNuñez Prats, Antonio _eAutor _98583 |
||
| 942 |
_2udc _cLB _zUCat |
||
| 999 |
_c1715 _d1715 |
||